[Event "AUTO-OPEN-1655"]
[Site "http://www.queenalice.com/game.php?id=763963"]
[Date "2010.4.21"]
[Round "2"]
[White "vinicius_rossitto"]
[Black "devagar"]
[Result "1-0"]
[WhiteElo "2231"]
[BlackElo "1990"]

1. e4 c5 2. Nf3 a6 3. Nc3 b5 4. g3 Bb7 5. d3 Nc6 6. Bg2 g6 7. O-O Bg7 8. Be3 d6
9. d4 cxd4 10. Nxd4 Nf6 11. e5 Nxe5 12. Bxb7 1-0

[Event "AUTO-MASTER-990"]
[Site "http://www.queenalice.com/game.php?id=768193"]
[Date "2010.4.29"]
[Round "2"]
[White "mad_knight"]
[Black "vinicius_rossitto"]
[Result "0-1"]
[WhiteElo "2240"]
[BlackElo "2296"]

1. e4 e6 2. d4 d5 3. Nc3 Nf6 4. Bg5 Be7 5. e5 Nfd7 6. h4 Bxg5 7. hxg5 Qxg5 8.
Nf3 Qe7 9. Qd2 a6 10. Bd3 c5 11. dxc5 Nc6 12. O-O-O h6 13. Qf4 Qxc5 14. Qg3 Qf8
15. Be2 g5 16. Bd3 b5 17. Rhe1 Bb7 18. Kb1 Qg8 19. Bf1 b4 20. Nxd5 exd5 21. Rxd5
O-O-O 22. Bd3 f6 23. Rd6 fxe5 24. Rd1 Qf7 25. Bg6 Qf4 26. Qxf4 exf4 27. Bf5 Nb8
28. Ne5 Bxg2 29. R6d4 Kc7 30. Bxd7 Nxd7 31. Nxd7 Bc6 32. Ne5 Rxd4 33. Rxd4 Re8
34. Nc4 Re1+ 0-1

[Event "AUTO-MASTER-990"]
[Site "http://www.queenalice.com/game.php?id=768194"]
[Date "2010.4.29"]
[Round "2"]
[White "vinicius_rossitto"]
[Black "mad_knight"]
[Result "1-0"]
[WhiteElo "2261"]
[BlackElo "2277"]

1. e4 c5 2. Nc3 e6 3. Nf3 Nc6 4. Bb5 Nd4 5. O-O a6 6. Bd3 Ne7 7. Nxd4 cxd4 8.
Ne2 e5 9. f4 d6 10. Bc4 Nc6 11. fxe5 dxe5 12. Bxf7+ Ke7 13. d3 Qb6 14. Kh1 Kd8
15. c3 Bd7 16. cxd4 Nxd4 17. Bg5+ Be7 18. Bxe7+ Kxe7 19. Nc3 Qd6 20. Nd5+ Kd8
21. Qd2 1-0

[Event "AUTO-MASTER-990"]
[Site "http://www.queenalice.com/game.php?id=768195"]
[Date "2010.4.29"]
[Round "2"]
[White "TheBigSid"]
[Black "vinicius_rossitto"]
[Result "0-1"]
[WhiteElo "2076"]
[BlackElo "2254"]

1. d4 Nf6 2. c4 e6 3. Nc3 d5 4. Bg5 Bb4 5. cxd5 exd5 6. e3 O-O 7. Nf3 h6 8. Bh4
c5 9. Bd3 c4 10. Bc2 Nbd7 11. O-O Qa5 12. Ne2 Bd6 13. Bg3 Bxg3 14. hxg3 Re8 15.
Nc3 b5 16. a3 a6 17. Qd2 Qb6 18. Rfe1 Rb8 19. Na2 Ng4 20. Bf5 Ndf6 21. Bxc8
Rbxc8 22. Re2 Ra8 23. Nh2 Nxh2 24. Kxh2 a5 25. Ree1 Ne4 26. Qe2 b4 27. axb4 axb4
28. f3 Nd6 29. Qd2 Ra4 0-1

[Event "AUTO-MASTER-990"]
[Site "http://www.queenalice.com/game.php?id=768196"]
[Date "2010.4.29"]
[Round "2"]
[White "vinicius_rossitto"]
[Black "TheBigSid"]
[Result "1-0"]
[WhiteElo "2247"]
[BlackElo "2097"]

1. e4 e6 2. Nf3 d5 3. e5 c5 4. c3 c4 5. b3 b5 6. a4 Bd7 7. axb5 Bxb5 8. bxc4
dxc4 9. Bxc4 Qd7 10. Na3 Bxa3 11. Bxb5 Qxb5 12. Bxa3 Ne7 13. Qe2 Qxe2+ 14. Kxe2
Nbc6 15. Rhb1 O-O 16. Bxe7 Nxe7 17. Ra6 Nd5 18. Rb7 Nf4+ 19. Kf1 1-0

[Event "AUTO-INT-1413"]
[Site "http://www.queenalice.com/game.php?id=786630"]
[Date "2010.6.6"]
[Round "3"]
[White "vinicius_rossitto"]
[Black "Liesel"]
[Result "1-0"]
[WhiteElo "2317"]
[BlackElo "1773"]

1. Nf3 d5 2. c4 dxc4 3. e4 b5 4. a4 c6 5. axb5 cxb5 6. Nc3 a6 7. Nxb5 Bb7 8. Nc3
Qc7 9. Qa4+ Qd7 10. Nd5 Bxd5 11. exd5 Nf6 12. Bxc4 Qxa4 13. Rxa4 g6 14. O-O Bg7
15. Re1 O-O 16. Rxe7 Nbd7 17. Rxa6 1-0

[Event "AUTO-INT-1413"]
[Site "http://www.queenalice.com/game.php?id=786631"]
[Date "2010.6.6"]
[Round "3"]
[White "Liesel"]
[Black "vinicius_rossitto"]
[Result "0-1"]
[WhiteElo "1797"]
[BlackElo "2318"]

1. e4 Nc6 2. d4 d5 3. Nc3 dxe4 4. Bb5 e6 5. Nxe4 Qd5 6. Bxc6+ Qxc6 7. f3 Nf6 8.
Nxf6+ gxf6 9. Ne2 Bd7 10. O-O h5 11. b3 h4 12. Bb2 O-O-O 13. d5 exd5 14. Nd4 Qb6
15. Re1 Bd6 16. Kh1 c5 17. Nf5 Bxf5 18. Bxf6 d4 19. Bxh8 Rxh8 20. Qd2 Bc7 21.
Re7 Qd6 0-1

[Event "AUTO-ADV-1542"]
[Site "http://www.queenalice.com/game.php?id=790675"]
[Date "2010.6.16"]
[Round "2"]
[White "GMNeny"]
[Black "vinicius_rossitto"]
[Result "1/2-1/2"]
[WhiteElo "2348"]
[BlackElo "2331"]

1. d4 Nf6 2. c4 e6 3. Nf3 b6 4. g3 Bb7 5. Bg2 Be7 6. O-O O-O 7. Nc3 Ne4 8. Nxe4
Bxe4 9. Qb3 d5 10. cxd5 Bxd5 11. Qc2 f5 12. Bf4 Nc6 13. Rfd1 Rc8 14. a3 Bf6 15.
Be5 Na5 16. Nd2 c5 17. Bxf6 Qxf6 18. Bxd5 exd5 19. b4 cxb4 20. Qa2 b3 21. Nxb3
Nc4 22. e3 f4 23. exf4 Qg6 24. Nd2 Rxf4 25. Nxc4 Rxc4 26. Rac1 Rfxd4 27. Rxd4
Rxc1+ 28. Kg2 Rc5 29. Qd2 h6 30. Qe3 Qf7 31. Qe5 Qd7 32. h3 b5 33. Qb8+ Kh7 34.
Qe5 a6 35. Rd3 Kg8 36. Qb8+ Qc8 37. Qxc8+ Rxc8 38. Rxd5 Rc3 39. a4 bxa4 40. Ra5
a3 41. Rxa6 Kf7 42. Kf1 g5 43. h4 gxh4 44. gxh4 h5 45. Ra5 Kg6 46. Rg5+ Kf6 47.
Ra5 Kg7 1/2-1/2

[Event "AUTO-ADV-1542"]
[Site "http://www.queenalice.com/game.php?id=790676"]
[Date "2010.6.16"]
[Round "2"]
[White "vinicius_rossitto"]
[Black "GMNeny"]
[Result "1-0"]
[WhiteElo "2319"]
[BlackElo "2080"]

1. Nf3 Nf6 2. d4 g6 3. c4 Bg7 4. g3 O-O 5. Nc3 d5 6. cxd5 Nxd5 7. Bg2 Nxc3 8.
bxc3 c5 9. O-O cxd4 10. Nxd4 e5 11. Nb5 Qb6 12. Nd6 Rd8 13. Nxc8 Rxc8 14. Be3
Qc7 15. Qb3 Nc6 16. Rab1 Na5 17. Qa4 Nc6 18. Qb5 Rab8 19. Rfd1 a6 20. Qb6 Qxb6
21. Bxb6 h6 22. Rd7 e4 23. Bxe4 Bxc3 24. Bd5 Ne5 25. Rc7 1-0

[Event "AUTO-OPEN-1655"]
[Site "http://www.queenalice.com/game.php?id=813429"]
[Date "2010.8.4"]
[Round "3"]
[White "vinicius_rossitto"]
[Black "valdiluis"]
[Result "1-0"]
[WhiteElo "2345"]
[BlackElo "1920"]

1. e4 e5 2. Nf3 Nf6 3. Nxe5 Nc6 4. Nxc6 dxc6 5. e5 Nd5 6. d4 Be6 7. Be2 h5 8. c4
Nb6 9. c5 Nd5 10. Nc3 Nxc3 11. bxc3 g6 12. O-O Be7 13. Qc2 Bf5 14. Qb3 Rb8 15.
Bc4 O-O 16. Bh6 b5 17. cxb6 Rxb6 18. Bxf8 Qxf8 19. Qa4 Qa8 20. Rfe1 h4 21. e6
fxe6 22. Bxe6+ Bxe6 23. Rxe6 Qb7 24. Qc2 Kf8 25. Qxg6 Rb2 26. Rae1 Rxa2 27. Rf6+
Bxf6 28. Re8# 1-0

[Event "AUTO-OPEN-1655"]
[Site "http://www.queenalice.com/game.php?id=813430"]
[Date "2010.8.4"]
[Round "3"]
[White "valdiluis"]
[Black "vinicius_rossitto"]
[Result "0-1"]
[WhiteElo "1922"]
[BlackElo "2344"]

1. e4 e6 2. Nf3 d5 3. exd5 exd5 4. d4 Nf6 5. Be2 Nc6 6. O-O Bd6 7. Bg5 h6 8. Bh4
O-O 9. Nc3 g5 10. Nxg5 hxg5 11. Bxg5 Kg7 12. Nxd5 Bxh2+ 13. Kxh2 Qxd5 14. Bxf6+
Kxf6 15. Bf3 Rh8+ 16. Kg1 Qd6 17. g3 Nxd4 18. Bg2 Bh3 19. Bxh3 Rxh3 20. c3 Ne2+
21. Qxe2 Qd5 22. f3 Qc5+ 23. Kg2 Rxg3+ 24. Kxg3 Rg8+ 25. Kf4 Qd6+ 26. Ke3 Re8+
0-1

[Event "AUTO-ELITE-617"]
[Site "http://www.queenalice.com/game.php?id=826042"]
[Date "2010.8.31"]
[Round "1"]
[White "BEIGEBOOK"]
[Black "vinicius_rossitto"]
[Result "0-1"]
[WhiteElo "2328"]
[BlackElo "2319"]

1. d4 d5 2. c4 c6 3. cxd5 cxd5 4. Nf3 Nf6 5. Nc3 Nc6 6. Ne5 g6 7. Nxc6 bxc6 8.
Bf4 Bg7 9. Be5 Qb6 10. b3 O-O 11. Rc1 Bh6 12. e3 Ng4 13. Bg3 e5 14. a3 exd4 15.
Na4 Qa5+ 16. b4 Qd8 17. Qxd4 Re8 18. Rxc6 Nxe3 19. fxe3 Bxe3 0-1

[Event "AUTO-ELITE-617"]
[Site "http://www.queenalice.com/game.php?id=826043"]
[Date "2010.8.31"]
[Round "1"]
[White "vinicius_rossitto"]
[Black "BEIGEBOOK"]
[Result "1-0"]
[WhiteElo "2332"]
[BlackElo "2329"]

1. e4 c6 2. Nf3 d5 3. e5 Bf5 4. d4 e6 5. Be2 c5 6. O-O Nc6 7. c3 Rc8 8. h3 a6 9.
Qb3 Qc7 10. Be3 cxd4 11. cxd4 Na5 12. Qd1 Nc4 13. Bc1 Be7 14. Bd3 Bg6 15. Nc3 b5
16. a4 Bxd3 17. Qxd3 Qa5 18. b3 Nxe5 19. Nxe5 Rxc3 20. Bd2 Rxd3 21. Bxa5 1-0

[Event "AUTO-ELITE-617"]
[Site "http://www.queenalice.com/game.php?id=826050"]
[Date "2010.8.31"]
[Round "1"]
[White "vinicius_rossitto"]
[Black "AFA1961"]
[Result "0-1"]
[WhiteElo "2337"]
[BlackElo "2424"]

1. e4 c5 2. Nf3 Nc6 3. Bb5 e6 4. O-O Nge7 5. d4 Nxd4 6. Nxd4 cxd4 7. Qxd4 a6 8.
Be2 Nc6 9. Qc3 Qc7 10. Nd2 b5 11. Rd1 Bb7 12. Nf3 b4 13. Qd3 Rd8 14. Bg5 f6 15.
Be3 Be7 16. c3 O-O 17. Rac1 a5 18. cxb4 axb4 0-1

[Event "AUTO-ELITE-617"]
[Site "http://www.queenalice.com/game.php?id=826051"]
[Date "2010.8.31"]
[Round "1"]
[White "AFA1961"]
[Black "vinicius_rossitto"]
[Result "1-0"]
[WhiteElo "2430"]
[BlackElo "2328"]

1. e4 e6 2. Nc3 d5 3. Nf3 Nf6 4. exd5 exd5 5. d4 Bd6 6. Bd3 O-O 7. O-O a6 8. Re1
h6 9. Ne5 c5 10. dxc5 Bxc5 11. Qf3 Nc6 12. Bf4 Nd4 13. Qd1 Re8 14. Qd2 Ne6 15.
Bg3 b5 16. Rad1 Bb7 17. Bf5 d4 18. Qe2 Nf8 19. a4 1-0